Представление документа в формате MARC21

Поле Инд. ПП Название Значение
Тип записи a
Библиографический уровень b
001 Контрольный номер DU/591286502
005 Дата корректировки 20200601191518.0
008 Кодируемые данные 20180827
040 b Код языка каталог. rus
e Правила каталог. PSBO
041 0_ a Код языка текста rus
084 a Индекс другой классификации/Индекс ББК 60.561.5
100 1_ a Автор Новоселова Е. Н.
q Полное имя Новоселова Елена Николаевна
245 10 a Заглавие Добровольная бездетность как угроза демографической безопасности
504 a Библиография Библиогр.: с. 109 - 110
520 0_ a Аннотация В статье проводится критический анализ феномена добровольной бездетности. Анализируется демографическая ситуация в современном российском обществе и влияние демографического фактора на сохранение российской государственности. Автором предложены возможные пути воздействия на репродуктивные ориентации населения, рассмотрены основные инструменты трансляции ценностей семьи и детей в современном обществе
650 14 a Основная рубрика социология
a Основная рубрика социология семьи
653 1_ a Ключевые слова демографическая безопасность
a Ключевые слова демографическая ситуация
a Ключевые слова многодетные семьи
a Ключевые слова российское общество
a Ключевые слова Россия
a Ключевые слова чайлдфри (добровольная бездетность)
773 08 t Заглавие источника Вестник Московского университета. Серия 18, Социология и политология
d Дата издания источника 2012
g Прочая информация № 1. - С. 99 - 110
w Контрольный № источника RU/IS/BASE/392489925
901 t Тип документа b